Нумерология (Запис номер 493325)
[ съкратено ]
| 000 -Лидер | |
|---|---|
| Лидер | 01300nam a2200301 a 4500 |
| 003 - Код на организацията, давaща контролен номер | |
| Код на организацията, даваща контролен номер | BLK |
| 005 - Дата и час на последна редакция | |
| Дата и час на последна редакция | 20230810005147.0 |
| 007 - Фиксирано поле за физическо описани | |
| Физическо описание | ta |
| 008 - Елементи от данни с фиксирана дължина | |
| Елементи с фиксирана дължина | 230804b bu |||||r|||| 00| | bu d |
| 020 ## - Международен стандартен номер на книга ISBN | |
| ISBN | 9789546264732 |
| 040 ## - Източник на каталожния запис | |
| Код на библиотеката | BLK |
| 041 ## - Код за език | |
| Език | Български |
| Език за КДБФ | Български |
| 080 ## - УДК | |
| 9 (RLIN) | 236037 |
| УДК текст | Особени окултни области.Общи въпроси.Със съотнош. към съответната наука |
| УДК код | 133.5 |
| УДК – определител | :51 |
| УДК – код + определител | 133.5:51 |
| 084 ## - Класификационен индекс по друга класификация | |
| Авторски знак | Бюк - Б 98 |
| 100 1# - Редна дума - Автор | |
| R(LIN) | 44834 |
| Автор | Бюкенън, Мишел |
| 245 ## - Сведения за заглавието | |
| Заглавие | Нумерология |
| Подзаглавни данни | Разкрийте вашето бъдеще, житейска цел и съдба според рождената ви дата и име |
| Авторска отговорност | Мишел Бюкенън ; прев. от англ. Цветан Убенов |
| 260 ## - Област на издателските данни | |
| 9 (RLIN) | 209626 |
| Място на издаване | София |
| Име на издателя | Аратрон |
| Година на издаване | 2017 |
| Печатница | Монт |
| 300 ## - Физическа характеристика | |
| Брой страници | 261 с. |
| Илюстрации | с табл. |
| Размер | 22 см |
| 380 ## - Жанр | |
| Жанр | Философия |
| 500 ## - Общи забележки | |
| Обща забележка | Ориг. загл.: Numerology / Michelle Buchanan<br/>За авторката: с. 261<br/>Речник: с. 251-256 |
| 650 #7 - Допълнително описание по предмет – тема | |
| 9 (RLIN) | 164361 |
| Предметна рубрика | Нумерология |
| 700 ## - Други автори (авторска отговорност) | |
| Друг автор | Убенов, Цветан Ангелов |
| Дати, свързани с автора | 1958- |
| 9 (RLIN) | 368869 |
| 852 ## - Местоположение | |
| Сигнатура (форматна) | Цб 319039 |
| Отдел | Хранилище |
| 856 ## - Електронен адрес и достъп | |
| Инструкция (цена за достъп) | 0.00 |
| Права за достъп | disable |
| 942 ## - АРТИКУЛИ | |
| Вид на библиотечния документ | Книги |
| Скрит в OPAC | Не |
| 944 ## - СЪЗДАВАНЕ И РЕДАКЦИЯ на ЗАПИСА | |
| Дата на регистрацията/редакция | Моника Янева |
| Служител, извършил регистрацията/редакцията | |
| Номер на служител | CRON CRON |
| 999 ## - СИСТЕМНИ КОНТРОЛНИ НОМЕРА | |
| Koha biblionumber | 493325 |
| Koha biblioitemnumber | 493325 |
| 999 ## - СИСТЕМНИ КОНТРОЛНИ НОМЕРА | |
| Koha biblioitemnumber | 493325 |
| Код за отписване | Код за изгубен артикул | Източник на класификационната схема | Код за повреда | Коз за рестрикции | Код за отдаване | Артикулен № | Име на библиотеката - собственик | Име на библиотеката, в която се намира в момента | Статус (Текущо местоположение) | Дата на вписване в системата | Местоположение - отдел | Цена в лева | Инвентарен номер | Систематично азбучна сигнатура | Баркод | Цена в евро | Служебен тип на артикула |
|---|---|---|---|---|---|---|---|---|---|---|---|---|---|---|---|---|---|
| Не е изгубен | Universal Decimal Classification | Не е повреден | само за читалня | ползва се в читалня | 931922 | Регионална библиотека "Любен Каравелов" Русе | Регионална библиотека "Любен Каравелов" Русе | Хранилище | 2023-08-07 | Хранилище | 14.00 | 120000891096 | Цб 319039 | 120000891096 | 7.16 | Книги |